EISA Awards 2005/2006 najlepšie Európske produkty spotrebnej elektroniky

Bibliographic Details
Main Author: Orviský, Peter (Author)
Format: Article
Language:Slovak
PhysicalDescription:Tab.
ISSN:1336-5754
Subjects:

MARC

LEADER 00000nab a2200000 ar4500
001 vtls008427078
003 SK-MaSNL
005 20260303065946.0
008 060131c2005 xo mr|p|||||||000 b|slo
015 |a SNBRB2006/01  |2 snkbucl 
038 |a SNKBUCL 
040 |a SNKBUCL  |b slo  |c SNKBUCL  |e AACR2 
041 0 |a slo 
044 |a xo  |c SK 
080 |a 621.38:004:06.068  |x (4)  |2 1997 
100 1 |a Orviský, Peter  |4 aut  |9 18820 
245 1 0 |a EISA Awards 2005/2006  |b najlepšie Európske produkty spotrebnej elektroniky  |c Peter Orviský 
300 |b Tab. 
650 0 7 |a spotrebná elektronika  |2 snkbucl  |9 270786 
650 0 7 |a EISA Awards  |y za r. 2005-2006  |2 snkbucl  |9 1066716 
773 0 |t DiGi revue  |g Roč. 1, č. 9 (2005), s. 18-19  |x 1336-5754 
852 |a SNK  |b KIS3GCP 
999 |c 1753423  |d 1755353